Remark to J. van Tilburg attack on the McEliece public-key cryptosystem

Bibliographic Details
Main Authors: Grošek, Otokar, 1950- (Author), Vallo, Dušan, 1975- (Author)
Format: Article
Language:English
PhysicalDescription:Tab.
ISSN:1335-3632
Subjects:

MARC

LEADER 00000nab a2200000 a 4500
001 vtls000685539
005 20260330083519.0
008 250425c1998 xo 0 eng
015 |a SNBRB1999/01-02676 
035 |a CLN000037706 
035 |a urn:nbn:sk:snk-abin1 
035 |a (urnnbn)urn:nbn:sk:snk:ar-a03s0g 
035 |a (uuid)4837d9fb-726b-4493-9dbe-ef5ff7ec5875 
040 |a SNKBUCL  |b slo  |c SNKBUCL  |e AACR2 
041 0 |a eng 
044 |a xo  |c SK 
080 |a 519.72:519.2:003.26  |2 1997 
080 |a 519.2  |2 1997 
100 1 |a Grošek, Otokar,  |d 1950-  |4 aut  |9 5819 
245 1 0 |a Remark to J. van Tilburg attack on the McEliece public-key cryptosystem  |c Otokar Grošek, Dušan Vallo 
300 |b Tab. 
504 |a Bibliogr. odkazy 
504 |a Biogr. údaje 
650 0 7 |a McElieceov kryptosystém  |9 1635809 
650 0 7 |a Markovove modely  |2 SNKPH  |9 1038258 
650 0 7 |a van Tilburgov algoritmus  |2 SNKPH  |9 1635810 
650 0 7 |a kryptoanalýza  |2 SNKPH  |9 1239844 
655 7 |a články z novín a časopisov  |2 snkbucl  |9 267496 
700 1 |a Vallo, Dušan,  |d 1975-  |4 aut  |9 123720 
773 0 |t Journal of electrical engineering  |g Roč. 49, č. 9-10 (1998), s. 255-258  |x 1335-3632 
852 |a Slovenská národná knižnica 
958 |a article27 
958 |a NB 
958 |a OND 
958 |a EUIPO 
999 |c 2818436  |d 2820366